Statistics for Famous People from Massachusetts Quiz

Click here to take the quiz!

General Stats

  • This quiz has been taken 6,918 times
    (6,914 since last reset)
  • The average score is 11 of 24

Answer Stats

Clue Hometown Answer % Correct
Catholic PresidentBrooklineJohn F. Kennedy
98%
2nd or 6th PresidentQuincyJohn Adams
86%
"Cat in the Hat"SpringfieldDr. Seuss
80%
Jason BourneCambridgeMatt Damon
69%
Flamboyant signatureQuincyJohn Hancock
66%
SpockBostonLeonard Nimoy
63%
Cotton gin inventorWestboroughEli Whitney
60%
"One if by land"BostonPaul Revere
58%
2004 candidateBostonJohn Kerry
57%
"Walden"ConcordHenry David
Thoreau
47%
"The Tonight Show"
host, briefly
BrooklineConan O'Brien
46%
"The Scarlet Letter"SalemNathaniel
Hawthorne
45%
Telegraph inventorCharlestownSamuel Morse
41%
1988 candidateBrooklineMichael Dukakis
40%
Dirk DigglerBostonMark Wahlberg
40%
"On the Road"LowellJack Kerouac
38%
$1 coinAdamsSusan B. Anthony
34%
"The Bell Jar"BostonSylvia Plath
31%
Reclusive
19th-century poet
AmherstEmily Dickinson
31%
Puritan minister, first
name Cotton
BostonCotton Mather
29%
LSD evangelistSpringfieldTimothy Leary
25%
Undefeated boxerBrocktonRocky Marciano
24%
Former slave killed at
the Boston Massacre
FraminghamCrispus Attucks
22%
NAACP co-founderGr. BarringtonW.E.B. Du Bois
12%

Score Distribution

Percentile by Number Answered

Percent of People with Each Score

Your Score History

You have not taken this quiz since the last reset